Statistiques concernant Géographie de la Ligue arabe

Cliquez ici pour prendre le quiz!

Statistiques générales

  • Ce quiz a été pris 147 fois
    (98 depuis la dernière actualisation)
  • Le résultat moyen est 7 sur 23

Réponses sur la Carte

Les réponses sont colorées sur une échelle allant du rouge au vert en fonction du pourcentage des utilisateurs qui les ont devinées à leur premier essai. Vous pouvez retrouver ces pourcentages ci-dessous.
 

Statistiques - réponses

CatégoriesRéponses% Correct
DésertsDésert du Sahara
90%
Chaînes de montagnesMassif de l'Atlas
76%
MersMer Méditerranée
68%
MersMer Rouge
60%
DésertsDésert d'Arabie
57%
MersMer d'Arabie
57%
Zones climatiquesMéditerranéenne
50%
GolfesGolfe Persique
43%
DétroitsDétroit de Gibraltar
29%
GolfesGolfe de Suez
28%
Chaînes de montagnesMontagnes de la Mer Rouge
28%
Zones climatiquesAride
17%
DétroitsDétroit d'Ormuz
12%
GolfesGolfe d'Oman
12%
DétroitsDétroit de Bab-el-Mandeb
9%
DésertsDésert de Syrie
6%
GolfesGolfe d'Aqaba
6%
GolfesGolfe d'Aden
5%
Chaînes de montagnesMontagnes du Hedjaz
4%
Chaînes de montagnesMonts Zagros
4%
Zones climatiquesSemi-Aride
4%
Chaînes de montagnesMontagnes Asir
1%
Chaînes de montagnesMontagnes d'Ash-Sham
1%

Distribution des résultats

Percentile par nombre de réponses

% des personnes avec chaque résultat

Votre développement - résultats

Vous n’avez pas pris ce quiz depuis la dernière actualisation